000 00490nam a2200181Ia 4500
001 24301
005 20260414151034.0
008 260414t2024||||xx |||||||||||||| ||spa||
041 _aESP
082 _a345.2
_bR47P
100 _aReyna Alfaro, Luis Miguel,
_eAUT
245 0 _aManual para la aplicación de la persuasión y storytelling en la litigación penal
_b
260 _c2024
300 _a207 páginas :
_c25 cm.
650 _aDER
654 _aCDE
942 _cLIB
_dJUS
_fJUS
_2ddc
_n
999 _c24301
_d24301